[Event "It"]
[Site "Legnica"]
[Date "2004.12.07"]
[Round "6"]
[White "Stolz, Mike"]
[Black "Stopa, Jacek"]
[Result "0-1"]
[WhiteElo "2412"]
[BlackElo "2308"]
[PlyCount "116"]
[EventDate "2004.12.03"]
[Source "Roberto Alvarez"]
[SourceDate "2004.12.13"]

1. e4 e5 2. Nf3 Nc6 3. Bb5 a6 4. Ba4 Nf6 5. O-O Be7 6. Re1 b5 7. Bb3 Bb7 8. d3 d6 9. a3 O-O 10. Nbd2 Nb8 11. Nf1 Nbd7 12. Ng3 c6 13. Nf5 Re8 14. Bg5 Bf8 15. Qc1 Nc5 16. Ba2 Ne6 17. Bd2 h6 18. c3 c5 19. N3h4 c4 20. Re3 Nf4 21. dxc4 Nxe4 22. cxb5 Qg5 23. bxa6 Rxa6 24. Bc4 Nxd2 25. Bxa6 Bxa6 26. Qxd2 g6 27. Kh1 Kh7 28. Nxd6 Rd8 29. Nxf7 Rxd2 30. Nxg5+ hxg5 31. Nf3 Rxf2 32. Nxg5+ Kh6 33. Rf3 Rxb2 34. Nf7+ Kg7 35. Nxe5 Nxg2 36. Raf1 Bxf1 37. Rxf1 Nh4 38. Nf3 Nxf3 39. Rxf3 Bxa3 40. Rg3 Kh7 41. Rg2 Rb1+ 42. Rg1 Rb3 43. Rg3 Rb1+ 44. Kg2 Rc1 45. c4 Bd6 46. Rh3+ Kg7 47. Rh4 Kf6 48. h3 Rc2+ 49. Kf1 Kg5 50. Rd4 Be5 51. Rg4+ Kh5 52. Re4 Bc7 53. Kg1 Kg5 54. Rg4+ Kf5 55. Rh4 Bf4 56. Rg4 Rxc4 57. Kf2 Rc3 58. Kg2 g5 0-1

[Event "IX Sants Open"]
[Site "Barcelona ESP"]
[Date "2007.08.25"]
[Round "2"]
[White "Luther, T."]
[Black "Sanchez Perales, E."]
[Result "1-0"]
[WhiteElo "2529"]
[BlackElo "2184"]
[PlyCount "57"]
[EventDate "2007.08.24"]
[Source "www.chesslib.no"]
[SourceDate "2004.05.04"]

1. e4 e5 2. Nf3 Nc6 3. Bb5 a6 4. Ba4 Nf6 5. O-O Be7 6. Re1 b5 7. Bb3 Bb7 8. c3 d5 9. exd5 Nxd5 10. d4 exd4 11. cxd4 O-O 12. Nc3 Nxc3 13. bxc3 Na5 14. Bc2 Nc4 15. a4 Bf6 16. Bf4 c5 17. Ne5 cxd4 18. cxd4 Bxe5 19. Bxe5 Qg5 20. Bg3 Rae8 21. axb5 axb5 22. Qd3 g6 23. h4 Qg4 24. Rxe8 Rxe8 25. d5 Rd8 26. Qc3 Rxd5 27. Re1 Rd8 28. Qf6 Qd4 29. Re8+ 1-0

[Event "Friendship Cup AZE-IRI"]
[Site "?"]
[Date "2003.04.01"]
[Round "4"]
[White "Guliev Logman"]
[Black "Abbasifar Hasan"]
[Result "0-1"]
[WhiteElo "2386"]
[BlackElo "2284"]
[PlyCount "120"]
[EventDate "2003.??.??"]
[Source "www.chesslib.no"]
[SourceDate "2004.05.04"]

1. e4 e5 2. Nf3 Nc6 3. Bb5 a6 4. Ba4 Nf6 5. O-O Be7 6. Re1 b5 7. Bb3 Bb7 8. c3 d5 9. exd5 Nxd5 10. d4 exd4 11. cxd4 O-O 12. Nc3 Nxc3 13. bxc3 Bf6 14. Bf4 Na5 15. Bc2 c5 16. Ne5 cxd4 17. cxd4 Rc8 18. Bf5 Qd5 19. Be4 Qd8 20. Bf5 Qd5 21. Be4 Qd8 22. d5 Nc4 23. Bf5 Rc5 24. Nxc4 Rxd5 25. Qc2 Bxa1 26. Ne3 Rd2 27. Bxh7+ Kh8 28. Qf5 Qf6 29. Qh5 Qxf4 30. Ng4 Re2 31. Rxa1 Rfe8 32. Rf1 g6 33. Bxg6+ Kg7 34. Qh7+ Kf8 35. Qh8+ Ke7 36. Qh4+ Kd6 37. Bd3 Re1 38. h3 Kc7 39. Qh5 Kb8 40. Qc5 Rc8 41. Qb6 Rcc1 42. Rxe1 Rxe1+ 43. Bf1 Re6 44. Qd8+ Ka7 45. Qd7 Re1 46. Ne3 Ra1 47. Qd2 Qe4 48. Qb2 Rb1 49. Qc3 Kb8 50. Qf6 Qg6 51. Qd8+ Ka7 52. Qd4+ Kb8 53. h4 Qh5 54. Qd6+ Ka7 55. Qd3 Rb4 56. g3 Qe5 57. Bg2 Bxg2 58. Nxg2 Rd4 59. Qf3 f6 60. Kh2 a5 0-1

[Event "NOR Ch"]
[Site "Norway"]
[Date "1993.??.??"]
[Round "1"]
[White "Gullaksen, Eirik Tvedt"]
[Black "Jansson, Joran"]
[Result "1/2-1/2"]
[WhiteElo "2390"]
[BlackElo "2275"]
[PlyCount "110"]
[EventDate "1993.??.??"]
[Source "www.chesslib.no"]
[SourceDate "2004.05.04"]

1. e4 e5 2. Nf3 Nc6 3. Bb5 a6 4. Ba4 Nf6 5. O-O Be7 6. Re1 b5 7. Bb3 Bb7 8. d4 Nxd4 9. Nxd4 exd4 10. e5 Ne4 11. Qg4 c5 12. Qxg7 Rf8 13. Qxh7 c4 14. Rxe4 cxb3 15. Re2 bxa2 16. Nd2 Qb6 17. Ne4 O-O-O 18. Bf4 Qe6 19. Qh6 Qd5 20. f3 Bc6 21. Qh7 b4 22. Nd6+ Bxd6 23. exd6 Rg8 24. Qd3 Kb7 25. b3 Rde8 26. Re7 a5 27. Rxa2 a4 28. Ra1 a3 29. Qe2 Bb5 30. Qe5 Qxe5 31. Bxe5 Rc8 32. Ra2 d3 33. cxd3 Rc1+ 34. Kf2 Rb1 35. h4 Rxb3 36. h5 Bxd3 37. Rxd7+ Kb6 38. h6 Bg6 39. g4 Kc6 40. Ra7 Rd8 41. f4 Be4 42. Rd2 Rf3+ 43. Ke2 Rh3 44. Rd4 Bf3+ 45. Kf2 Bxg4 46. Rxb4 Rd7 47. Rc7+ Rxc7 48. dxc7 Bc8 49. Rc4+ Kb7 50. Rb4+ Kc6 51. Rb8 Kd7 52. Rb6 Rh5 53. Kg3 a2 54. h7 a1=Q 55. Bxa1 Kxc7 1/2-1/2

[Event "NOR Ch"]
[Site "?"]
[Date "2005.07.04"]
[Round "3"]
[White "Dannevig Oystein"]
[Black "Jansson Joran"]
[Result "1-0"]
[WhiteElo "2347"]
[BlackElo "2287"]
[PlyCount "79"]
[EventDate "2005.??.??"]
[Source "www.chesslib.no"]
[SourceDate "2004.05.04"]

1. e4 e5 2. Nf3 Nc6 3. Bb5 a6 4. Ba4 Nf6 5. O-O Be7 6. Re1 b5 7. Bb3 Bb7 8. d3 O-O 9. Nc3 d6 10. a3 Nd4 11. Nxd4 exd4 12. Ne2 c5 13. Ng3 Bc8 14. h3 Ne8 15. c3 Bf6 16. cxd4 Bxd4 17. Ne2 Bf6 18. d4 Nc7 19. d5 Re8 20. Bc2 g6 21. Rb1 a5 22. b4 Bd7 23. bxc5 dxc5 24. f4 b4 25. e5 Bg7 26. Bb3 Bf5 27. Ra1 Be4 28. d6 Nb5 29. Be3 Nxa3 30. Bxc5 Qc8 31. Rc1 Qb7 32. Bf2 Rec8 33. Rxc8+ Rxc8 34. Bh4 Qd7 35. Nd4 Ba8 36. Qg4 Rd8 37. Qxd7 Rxd7 38. Ba4 Rxd6 39. exd6 Bxd4+ 40. Bf2 1-0

[Event "BL2-Sued 0203"]
[Site "?"]
[Date "2003.03.30"]
[Round "9.5"]
[White "Duschek Volker"]
[Black "Kabisch Thilo"]
[Result "0-1"]
[WhiteElo "2321"]
[BlackElo "2310"]
[PlyCount "84"]
[EventDate "2003.??.??"]
[Source "www.chesslib.no"]
[SourceDate "2004.05.04"]

1. e4 e5 2. Nf3 Nc6 3. Bb5 a6 4. Ba4 Nf6 5. O-O Be7 6. Re1 b5 7. Bb3 Bb7 8. c3 O-O 9. d4 d6 10. a4 h6 11. Nbd2 Re8 12. h3 Bf8 13. Bc2 g6 14. Bb1 Bg7 15. d5 Ne7 16. Qb3 Qd7 17. c4 c6 18. axb5 axb5 19. Rxa8 Rxa8 20. dxc6 Bxc6 21. cxb5 Bxb5 22. Ba2 Nc8 23. Nb1 Ba4 24. Qd3 Bc6 25. Nc3 Qb7 26. Bb1 Ra1 27. Nd2 Nd7 28. Ba2 Nc5 29. Qc2 Qa6 30. Bc4 Qb7 31. Nd5 Nb6 32. Nxb6 Qxb6 33. Rd1 Qb4 34. b3 Qa5 35. Kf1 h5 36. f3 Bh6 37. Nb1 Bxc1 38. Rxc1 Bb5 39. Nd2 Ra2 40. Qc3 Qb6 41. Rc2 Ra3 42. Qb2 Nd3 0-1

[Event "SVK Team Ch"]
[Site "Slovakia"]
[Date "1994.??.??"]
[Round "?"]
[White "Majzlan, Igor"]
[Black "Habinak, Tomas"]
[Result "0-1"]
[WhiteElo "2280"]
[BlackElo "2350"]
[PlyCount "48"]
[EventDate "1994.??.??"]
[Source "www.chesslib.no"]
[SourceDate "2004.05.04"]

1. e4 e5 2. Nf3 Nc6 3. Bb5 a6 4. Ba4 Nf6 5. O-O Be7 6. Re1 b5 7. Bb3 Bb7 8. c3 d5 9. exd5 Nxd5 10. Nxe5 Nxe5 11. Rxe5 Nf4 12. d4 Nxg2 13. Bg5 f6 14. Bxf6 gxf6 15. Qh5+ Kd7 16. Be6+ Kc6 17. Bd5+ Kb6 18. Re6+ Ka7 19. Bxb7 Kxb7 20. Qf3+ Kb8 21. a4 Nh4 22. Qc6 Bd6 23. Kh1 Qc8 24. d5 Qg8 0-1

[Event "Poio op 3rd"]
[Site "?"]
[Date "2003.09.07"]
[Round "8.4"]
[White "Garcia Carbo Marcial"]
[Black "Recuero Guerra David"]
[Result "1/2-1/2"]
[WhiteElo "2421"]
[BlackElo "2151"]
[PlyCount "83"]
[EventDate "2003.??.??"]
[Source "www.chesslib.no"]
[SourceDate "2004.05.04"]

1. e4 e5 2. Nf3 Nc6 3. Bb5 a6 4. Ba4 Nf6 5. O-O Be7 6. Re1 b5 7. Bb3 Bb7 8. c3 d5 9. exd5 Nxd5 10. Nxe5 Nxe5 11. Rxe5 Nf4 12. d4 Nxg2 13. Qe2 h6 14. Rxb5 axb5 15. Qxb5+ c6 16. Qxb7 O-O 17. Qxc6 Bg5 18. Nd2 Nh4 19. Ne4 Qb8 20. Bxg5 hxg5 21. Nxg5 Qf4 22. Nxf7 Rab8 23. Bd5 Rxb2 24. Rf1 Qg4+ 25. Kh1 Rxf2 26. Qb5 Qf4 27. Rxf2 Qxf2 28. h3 Qe1+ 29. Kh2 Rxf7 30. Bxf7+ Kxf7 31. Qd5+ Kg6 32. Qc6+ Kh7 33. Qd5 Qf2+ 34. Kh1 Qf1+ 35. Kh2 Qf2+ 36. Kh1 Qf1+ 37. Kh2 Qf4+ 38. Kh1 Qc1+ 39. Kh2 Qd2+ 40. Kh1 Qe1+ 41. Kh2 Qf2+ 42. Kh1 1/2-1/2

[Event "Corr"]
[Site "?"]
[Date "1998.01.20"]
[Round "?"]
[White "Jabot Daniel (FRA)"]
[Black "Mrugala Arthur (CAN)"]
[Result "0-1"]
[WhiteElo "2205"]
[BlackElo "2335"]
[PlyCount "62"]
[EventDate "1998.??.??"]
[Source "www.chesslib.no"]
[SourceDate "2004.05.04"]

1. e4 e5 2. Nf3 Nc6 3. Bb5 a6 4. Ba4 Nf6 5. O-O Be7 6. Re1 b5 7. Bb3 Bb7 8. c3 O-O 9. d4 d6 10. Nbd2 exd4 11. cxd4 Nb4 12. Nf1 a5 13. Ng3 a4 14. Bc2 Nxc2 15. Qxc2 d5 16. e5 Ne4 17. Nf5 c5 18. Be3 c4 19. a3 Bc8 20. Nxe7+ Qxe7 21. Nd2 Nxd2 22. Bxd2 Re8 23. Bb4 Qg5 24. Qd2 Qxd2 25. Bxd2 Ra6 26. f4 Rg6 27. Kf2 h5 28. Rac1 Kh7 29. Re3 h4 30. Bb4 Kh6 31. Be7 Rxe7 0-1

[Event "Torcy Open"]
[Site "Torcy"]
[Date "1991.??.??"]
[Round "?"]
[White "Guedon, Stephanne"]
[Black "Filipowicz, Leszek"]
[Result "1-0"]
[WhiteElo "2295"]
[BlackElo "2210"]
[PlyCount "35"]
[EventDate "1991.04.??"]
[Source "www.chesslib.no"]
[SourceDate "2004.05.04"]

1. e4 e5 2. Nf3 Nc6 3. Bb5 a6 4. Ba4 Nf6 5. O-O Be7 6. Re1 b5 7. Bb3 Bb7 8. c3 d5 9. exd5 Nxd5 10. Nxe5 Nxe5 11. Rxe5 Nf4 12. d4 Nxg2 13. Qe2 h6 14. Qh5 g6 15. Qh3 Qd6 16. Nd2 Nh4 17. Re1 f5 18. Qxh4 1-0

[Event "Moss"]
[Site "?"]
[Date "2005.05.07"]
[Round "4"]
[White "Gabrielsen Stig"]
[Black "Jansson Jøran"]
[Result "0-1"]
[WhiteElo "2225"]
[BlackElo "2253"]
[PlyCount "120"]
[EventDate "2005.??.??"]
[Source "www.chesslib.no"]
[SourceDate "2004.05.04"]

1. e4 e5 2. Nf3 Nc6 3. Bb5 a6 4. Ba4 Nf6 5. O-O Be7 6. Re1 b5 7. Bb3 Bb7 8. a4 O-O 9. d3 d6 10. Nc3 Nd4 11. Nxd4 exd4 12. Ne2 c5 13. c3 dxc3 14. bxc3 c4 15. dxc4 bxa4 16. Bc2 Nxe4 17. Nf4 Nf6 18. Qd3 g6 19. Rb1 Bc6 20. Ba3 Re8 21. Rbd1 Ra7 22. h3 Qa8 23. Qd4 Bd8 24. Qxd6 Ne4 25. Bxe4 Bxe4 26. Nd5 Be7 27. Rxe4 Bxd6 28. Rxe8+ Qxe8 29. Nf6+ Kh8 30. Nxe8 Bxa3 31. Nf6 Bb2 32. Nd5 a3 33. Nb4 Bxc3 34. Na2 Bb2 35. c5 Rc7 36. Rd5 Bf6 37. Rd3 Bb2 38. Rd5 Bf6 39. Rd3 Rxc5 40. Rxa3 a5 41. Kf1 Re5 42. Nc1 Rc5 43. Ne2 Rb5 44. Nc3 Rb2 45. Ne4 Bd8 46. Nd6 Be7 47. Nxf7+ Kg7 48. Rxa5 Kxf7 49. g3 Rc2 50. Ra4 Bc5 51. Rf4+ Ke6 52. h4 Ke5 53. Kg2 h6 54. Kf1 g5 55. hxg5 hxg5 56. Rf3 g4 57. Rf4 Rxf2+ 58. Rxf2 Bxf2 59. Kxf2 Kd4 60. Ke2 Ke4 0-1

[Event "SVK-chT1W 9899"]
[Site "?"]
[Date "1998.??.??"]
[Round "3"]
[White "Mikulas Dusan"]
[Black "Todor Razvan"]
[Result "1/2-1/2"]
[WhiteElo "2265"]
[BlackElo "2205"]
[PlyCount "48"]
[EventDate "1998.??.??"]
[Source "www.chesslib.no"]
[SourceDate "2004.05.04"]

1. e4 e5 2. Nf3 Nc6 3. Bb5 a6 4. Ba4 Nf6 5. O-O Be7 6. Re1 b5 7. Bb3 Bb7 8. c3 d5 9. exd5 Nxd5 10. d3 Qd6 11. Qe2 f6 12. d4 exd4 13. Nxd4 Nxd4 14. cxd4 O-O-O 15. Nc3 Nxc3 16. bxc3 Bf8 17. Qg4+ Kb8 18. Bf4 Qc6 19. Re6 Qd7 20. Rae1 g5 21. Bd2 Bd6 22. Qf5 Rhf8 23. f3 h5 24. Bc2 Qg7 1/2-1/2

[Event "POL Ch women"]
[Site "Wroclaw POL"]
[Date "1987.??.??"]
[Round "7"]
[White "Bos-Swiecik, Iwona"]
[Black "Szmacinska, Grazyna"]
[Result "1/2-1/2"]
[WhiteElo "2140"]
[BlackElo "2315"]
[PlyCount "101"]
[EventDate "1987.??.??"]
[Source "www.chesslib.no"]
[SourceDate "2004.05.04"]

1. e4 e5 2. Nf3 Nc6 3. Bb5 a6 4. Ba4 Nf6 5. O-O Be7 6. Re1 b5 7. Bb3 Bb7 8. c3 d5 9. exd5 Nxd5 10. Nxe5 Nxe5 11. Rxe5 Nf4 12. d4 Nxg2 13. Qe2 h6 14. Qg4 Kf8 15. Qh5 Qe8 16. Nd2 f6 17. Qxe8+ Rxe8 18. Re6 Nf4 19. Re3 Bd6 20. a4 Ne2+ 21. Kf1 Nxc1 22. Rxc1 Bxh2 23. Rxe8+ Kxe8 24. Re1+ Kd8 25. Ne4 Bd6 26. axb5 axb5 27. Bf7 h5 28. Bg6 h4 29. Nxd6 cxd6 30. Kg1 Bc8 31. Kh2 Rh6 32. Rg1 Bd7 33. f4 Ke7 34. f5 Kd8 35. Ra1 Kc7 36. Ra7+ Kd8 37. Ra8+ Bc8 38. Ra7 Bd7 39. Ra8+ Bc8 40. Rb8 h3 41. Rxb5 Rh4 42. Ra5 Rg4 43. Ra8 Rg2+ 44. Kxh3 Rxb2 45. Kg4 Kc7 46. Kf4 Re2 47. Bh5 Rf2+ 48. Ke3 Rg2 49. Bg6 Rg3+ 50. Kd2 Rf3 51. Ra7+ 1/2-1/2

[Event "Asturias-ch"]
[Site "?"]
[Date "2003.03.29"]
[Round "8.6"]
[White "Roiz Baztan David"]
[Black "Canteli Martinez Daniel"]
[Result "1-0"]
[WhiteElo "2371"]
[BlackElo "2079"]
[PlyCount "57"]
[EventDate "2003.??.??"]
[Source "www.chesslib.no"]
[SourceDate "2004.05.04"]

1. e4 e5 2. Nf3 Nc6 3. Bb5 a6 4. Ba4 Nf6 5. O-O Be7 6. Re1 b5 7. Bb3 Bb7 8. c3 d5 9. exd5 Nxd5 10. Nxe5 Nxe5 11. Rxe5 Nf4 12. d4 Nxg2 13. d5 Nh4 14. Bg5 Ng6 15. Bxe7 Nxe7 16. Qe2 Qd6 17. Nd2 Kd8 18. c4 Ng6 19. Re4 f5 20. Re6 Qf4 21. Kh1 Bc8 22. Re3 Qd6 23. Rc1 bxc4 24. Nxc4 Qxd5+ 25. f3 Qc5 26. Qd2+ Bd7 27. Ne5 Qb5 28. Nf7+ Kc8 29. Nd6+ 1-0

[Event "It (open)"]
[Site "Barbera (Spain)"]
[Date "2007.07.08"]
[Round "3"]
[White "Ryan Joseph (IRL)"]
[Black "Ridameya Tatche Jose (ESP)"]
[Result "0-1"]
[WhiteElo "2320"]
[BlackElo "2109"]
[PlyCount "64"]
[EventDate "2007.??.??"]
[Source "www.chesslib.no"]
[SourceDate "2004.05.04"]

1. e4 e5 2. Nf3 Nc6 3. Bb5 a6 4. Ba4 Nf6 5. O-O Be7 6. Re1 b5 7. Bb3 Bb7 8. d4 Nxd4 9. Nxd4 exd4 10. e5 Ne4 11. Qg4 Bg5 12. Na3 Bxc1 13. Qxg7 Rf8 14. Raxc1 Qh4 15. f3 Qf2+ 16. Kh1 O-O-O 17. Rf1 Qd2 18. Bxf7 Nf2+ 19. Kg1 Qe3 20. Rxf2 Qxc1+ 21. Rf1 Qxb2 22. Nb1 Qxc2 23. e6 dxe6 24. Bxe6+ Kb8 25. Qg5 Qe2 26. Bf5 Rg8 27. Rf2 Qe1+ 28. Rf1 Qxf1+ 29. Kxf1 Rxg5 30. Bxh7 Rh5 31. Bd3 Rxh2 32. Nd2 Rg8 0-1

[Event "Corr"]
[Site "?"]
[Date "2002.12.15"]
[Round "?"]
[White "Marcotulli Giancarlo"]
[Black "Kunzmann Hector AT"]
[Result "1-0"]
[WhiteElo "2220"]
[BlackElo "2205"]
[PlyCount "109"]
[EventDate "2002.??.??"]
[Source "www.chesslib.no"]
[SourceDate "2004.05.04"]

1. e4 e5 2. Nf3 Nc6 3. Bb5 a6 4. Ba4 Nf6 5. O-O Be7 6. Re1 b5 7. Bb3 Bb7 8. d4 Nxd4 9. Bxf7+ Kf8 10. Bd5 c6 11. Nxe5 cxd5 12. Qxd4 dxe4 13. Qd1 Qc7 14. Bf4 Qc8 15. Ng4 Nxg4 16. Qxg4 d5 17. Qg3 Qc6 18. Nd2 Rc8 19. f3 Qg6 20. Qxg6 hxg6 21. c3 g5 22. Bg3 Re8 23. Kf1 Rh6 24. fxe4 Rf6+ 25. Ke2 dxe4 26. Nb3 e3 27. Kd3 Bxg2 28. Rxe3 Bf1+ 29. Kc2 Bd8 30. Rxe8+ Kxe8 31. a4 bxa4 32. Rxa4 Bg2 33. Nc5 a5 34. b3 Bc6 35. Ra1 Kf7 36. Rd1 Be7 37. Nd7 Be4+ 38. Kb2 Re6 39. Ne5+ Ke8 40. Nc4 Bd8 41. Nd6+ Ke7 42. Nxe4 Rxe4 43. c4 g6 44. c5 Re6 45. Ka3 Ke8 46. Ka4 Re4+ 47. Kb5 Rb4+ 48. Kc6 Be7 49. Rb1 g4 50. Bd6 Re4 51. Bxe7 Kxe7 52. Kc7 Re2 53. c6 Rxh2 54. Kb7 Kf6 55. c7 1-0

[Event "EU-ch Seniors"]
[Site "Saint Vincent"]
[Date "2002.10.01"]
[Round "4"]
[White "Boey, Josef"]
[Black "Tavcar, Rado"]
[Result "1-0"]
[WhiteElo "2268"]
[BlackElo "2114"]
[PlyCount "63"]
[EventDate "2002.09.28"]
[Source "ChessBase"]
[SourceDate "2002.11.06"]

1. e4 e5 2. Nf3 Nc6 3. Bb5 a6 4. Ba4 Nf6 5. O-O Be7 6. Re1 b5 7. Bb3 Bb7 8. c3 d5 9. exd5 Nxd5 10. d4 exd4 11. cxd4 O-O 12. Nc3 Nxc3 13. bxc3 Bf6 14. Ba3 Re8 15. Qd3 Qd7 16. Bc2 g6 17. Nd2 Rxe1+ 18. Rxe1 Re8 19. Ne4 Bg7 20. Re3 Na5 21. Nc5 Qc6 22. d5 Rxe3 23. Qxe3 Qd6 24. Bb4 Qe5 25. Qxe5 Bxe5 26. Bxa5 Bxd5 27. Nxa6 Bxa2 28. Nxc7 Bc4 29. Be4 Kg7 30. Bc6 Bxc7 31. Bxc7 Kf6 32. f4 1-0

[Event "White Nights, St Petersburg RUS"]
[Site "?"]
[Date "2001.??.??"]
[Round "3"]
[White "Rogovoi, M."]
[Black "Golovchenko, G."]
[Result "0-1"]
[WhiteElo "2240"]
[BlackElo "2105"]
[PlyCount "140"]
[EventDate "2001.??.??"]
[Source "www.chesslib.no"]
[SourceDate "2004.05.04"]

1. e4 e5 2. Nf3 Nc6 3. Bb5 a6 4. Ba4 Nf6 5. O-O Be7 6. Re1 b5 7. Bb3 Bb7 8. d4 Nxd4 9. Bxf7+ Kf8 10. Bd5 c6 11. Bb3 Nxb3 12. axb3 d6 13. c4 Qc7 14. Qc2 Rd8 15. Nc3 b4 16. Ne2 h6 17. Ng3 g6 18. Nh4 Kg7 19. c5 Bc8 20. cxd6 Rxd6 21. Nf3 Rdd8 22. Be3 h5 23. h3 c5 24. Rec1 Bb7 25. Ng5 Qc6 26. Qc4 Rhf8 27. Ne6+ Kh8 28. Nxd8 Rxd8 29. Bxc5 Bxc5 30. Qxc5 Rd1+ 31. Rxd1 Qxc5 32. Rac1 Qb6 33. Rc2 h4 34. Nf1 Bxe4 35. Rc8+ Kg7 36. Ne3 Qe6 37. Rc7+ Kh6 38. Nc4 Nd5 39. Rc5 Bxg2 40. Kxg2 Nf4+ 41. Kf3 Qxh3+ 42. Ke4 Qg4 43. Ne3 Qe2 44. Rc2 Qb5 45. Ng4+ Kh5 46. Nxe5 Ne6 47. f4 Nc5+ 48. Ke3 Qb6 49. Kf3 Qb7+ 50. Kf2 Ne4+ 51. Ke3 Ng3 52. Rc6 Nf5+ 53. Kd2 Qa7 54. Rf1 Qd4+ 55. Kc1 Ne3 56. Rc7 Kh6 57. Rg1 Ng2 58. Rxg2 Qxf4+ 59. Rd2 Qxe5 60. Rdd7 Qe3+ 61. Kb1 h3 62. Ka2 Kh5 63. Rh7+ Kg4 64. Rcg7 g5 65. Rg6 Qf4 66. Rgh6 Qg3 67. Rh8 Qg2 68. Rh5 a5 69. R8h7 a4 70. Rh8 a3 0-1

[Event "St Petersburg-ch (Women)"]
[Site "St Petersburg"]
[Date "1999.04.06"]
[Round "1"]
[White "Aseeva, Marina"]
[Black "Koroljova, Valerija"]
[Result "0-1"]
[WhiteElo "2130"]
[BlackElo "2200"]
[PlyCount "44"]
[EventDate "1999.04.??"]
[Source "ChessBase"]
[SourceDate "1999.07.10"]

1. e4 e5 2. Nf3 Nc6 3. Bb5 a6 4. Ba4 Nf6 5. O-O Be7 6. Re1 b5 7. Bb3 Bb7 8. c3 d5 9. exd5 Nxd5 10. Nxe5 Nxe5 11. Rxe5 Nf4 12. Bxf7+ Kxf7 13. Rf5+ Bf6 14. Rxf4 Qd3 15. Qh5+ Ke7 16. b3 Rae8 17. Bb2 Kd8 18. Na3 Re2 19. h4 Rhe8 20. Rxf6 gxf6 21. c4 Rxf2 22. Kxf2 Qxd2+ 0-1

[Event "Wch U12"]
[Site "?"]
[Date "2002.11.21"]
[Round "7"]
[White "Susilodonata Andrean"]
[Black "Recuero Guerra David"]
[Result "1-0"]
[WhiteElo "2242"]
[BlackElo "2082"]
[PlyCount "53"]
[EventDate "2002.??.??"]
[Source "www.chesslib.no"]
[SourceDate "2004.05.04"]

1. e4 e5 2. Nf3 Nc6 3. Bb5 a6 4. Ba4 Nf6 5. O-O Be7 6. Re1 b5 7. Bb3 Bb7 8. c3 d5 9. d4 dxe4 10. Nxe5 O-O 11. Nd2 Bd6 12. Nxc6 Bxc6 13. Nf1 Re8 14. Ng3 Bd5 15. Bc2 Qd7 16. Bg5 Ng4 17. h3 h6 18. Bh4 Nxf2 19. Kxf2 e3+ 20. Kg1 g5 21. Nf5 Qc6 22. Qg4 Bf4 23. Bg3 Bxg3 24. Qxg3 e2 25. Ne3 Be4 26. Bb3 Rad8 27. Rxe2 1-0

[Event "CP.1997.S.00003"]
[Site "?"]
[Date "1998.??.??"]
[Round "?"]
[White "Mascioni Vania D"]
[Black "Fredriksen Arild"]
[Result "0-1"]
[WhiteElo "2340"]
[BlackElo "1975"]
[PlyCount "114"]
[EventDate "1998.??.??"]
[Source "www.chesslib.no"]
[SourceDate "2004.05.04"]

1. e4 e5 2. Nf3 Nc6 3. Bb5 a6 4. Ba4 Nf6 5. O-O Be7 6. Re1 b5 7. Bb3 Bb7 8. d4 Nxd4 9. Bxf7+ Kf8 10. Bd5 c6 11. Bb3 Nxb3 12. axb3 d6 13. Qd3 Ke8 14. Nc3 Rf8 15. h3 a5 16. Be3 Qc8 17. Bb6 b4 18. Na4 c5 19. Nd2 Ba6 20. Nc4 Bxc4 21. Qxc4 Nd7 22. Rad1 Qa6 23. Qe6 Rf6 24. Qg8+ Bf8 25. Qd5 Qc8 26. Qc4 Ra6 27. Qb5 Qb7 28. c4 bxc3 29. bxc3 Be7 30. c4 Rxb6 31. Nxb6 Qxb6 32. Qxb6 Nxb6 33. Ra1 Bd8 34. Rxa5 Nxc4 35. Ra7 Nd2 36. Re2 Nxb3 37. Rb2 c4 38. Rc2 Na5 39. Rxg7 Rf7 40. Rg8+ Kd7 41. Kf1 Nb3 42. f3 Ba5 43. Rb8 Ke6 44. Re8+ Re7 45. Rb8 Rc7 46. Re8+ Kf6 47. Rf8+ Kg7 48. Ra8 Nd4 49. Ra2 c3 50. R8xa5 c2 51. Rxc2 Rxc2 52. Rd5 Kf6 53. Rxd6+ Kg5 54. Rd8 Kf4 55. Kg1 Ne2+ 56. Kh2 Ke3 57. Rg8 h5 0-1

[Event "ESP-ch U20"]
[Site "Mondariz Balneario"]
[Date "2002.08.29"]
[Round "2"]
[White "Alcazar Jimenez, Jesus Alberto"]
[Black "Pita Romero Rodriguez, Rafael"]
[Result "1-0"]
[WhiteElo "2223"]
[BlackElo "2067"]
[PlyCount "81"]
[EventDate "2002.08.28"]
[Source "ChessBase"]
[SourceDate "2002.11.06"]

1. e4 e5 2. Nf3 Nc6 3. Bb5 a6 4. Ba4 Nf6 5. O-O Be7 6. Re1 b5 7. Bb3 Bb7 8. c3 d5 9. exd5 Nxd5 10. Nxe5 Nxe5 11. Rxe5 Nf4 12. d4 Nxg2 13. Bg5 f6 14. Bxf6 gxf6 15. Qh5+ Kd7 16. Qf5+ Ke8 17. Rd5 Bxd5 18. Qh5+ Kd7 19. Qxd5+ Bd6 20. Qf5+ Kc6 21. Bd5+ Kb6 22. Bxg2 c6 23. c4 Qe7 24. Nd2 Bb4 25. c5+ Kb7 26. Ne4 Rhg8 27. a4 bxa4 28. d5 Rad8 29. dxc6+ Ka7 30. h3 Qc7 31. Nxf6 Rg6 32. Ng4 Qg7 33. Rxa4 Rg5 34. Qc2 Rxc5 35. Qe2 a5 36. Qe3 Kb6 37. Ra1 Qxb2 38. Rf1 h5 39. Qe7 Rb8 40. Nf6 Rf5 41. c7 1-0

[Event "It (Open) Belgrade SCG"]
[Site "?"]
[Date "2006.01.28"]
[Round "8"]
[White "Trifunovic Dragoljub"]
[Black "Starcevic Goran"]
[Result "0-1"]
[WhiteElo "2107"]
[BlackElo "2179"]
[PlyCount "77"]
[EventDate "2006.??.??"]
[Source "www.chesslib.no"]
[SourceDate "2004.05.04"]

1. e4 e5 2. Nf3 Nc6 3. Bb5 a6 4. Ba4 Nf6 5. O-O Be7 6. Re1 b5 7. Bb3 Bb7 8. c3 O-O 9. d4 exd4 10. cxd4 d5 11. e5 Ne4 12. Nc3 Na5 13. Bc2 f5 14. exf6 Bxf6 15. Nxe4 dxe4 16. Bxe4 Bxe4 17. Rxe4 c5 18. Be3 Qd5 19. Rf4 Rad8 20. Qe1 Nc4 21. b3 Nxe3 22. fxe3 Rfe8 23. Rd1 Qe6 24. Rd3 Kh8 25. h4 h6 26. Qd2 c4 27. bxc4 bxc4 28. Rc3 Be7 29. h5 Bb4 30. e4 Bxc3 31. Qxc3 Qd6 32. Rg4 Qd7 33. Rf4 Qa4 34. Kh2 Qxa2 35. Ne5 Qb3 36. Qa5 Qb5 37. Qc7 Rc8 38. Qf7 Rxe5 39. g4 0-1

[Event "NRW"]
[Site "?"]
[Date "1997.??.??"]
[Round "3"]
[White "Emunds Hans Georg"]
[Black "Molinaroli Martin"]
[Result "1-0"]
[WhiteElo "2097"]
[BlackElo "2181"]
[PlyCount "72"]
[EventDate "1997.??.??"]
[Source "www.chesslib.no"]
[SourceDate "2004.05.04"]

1. e4 e5 2. Nf3 Nc6 3. Bb5 a6 4. Ba4 Nf6 5. O-O Be7 6. Re1 b5 7. Bb3 Bb7 8. d4 d6 9. c3 O-O 10. Nbd2 Nd7 11. Nf1 Na5 12. Bc2 Bf6 13. Ne3 g6 14. a4 exd4 15. cxd4 Bg7 16. axb5 axb5 17. Qe2 Nc6 18. Rxa8 Bxa8 19. d5 Na7 20. Ng4 c6 21. Be3 c5 22. Bh6 Bxh6 23. Nxh6+ Kg7 24. Ra1 Qc7 25. Qd2 Nf6 26. Nf5+ Kh8 27. Qc3 Qd8 28. Nxd6 Qxd6 29. Rxa7 b4 30. Qc4 Qf4 31. Bd3 Rc8 32. Rxf7 Kg8 33. Ra7 Kh8 34. Qa6 Rf8 35. Rxa8 Rxa8 36. Qxa8+ Kg7 1-0

[Event "Fajr op 6th"]
[Site "?"]
[Date "1997.??.??"]
[Round "6"]
[White "Dadmand Mansour"]
[Black "Zibaei Abdoulla"]
[Result "0-1"]
[WhiteElo "2115"]
[BlackElo "2155"]
[PlyCount "93"]
[EventDate "1997.??.??"]
[Source "www.chesslib.no"]
[SourceDate "2004.05.04"]

1. e4 e5 2. Nf3 Nc6 3. Bb5 a6 4. Ba4 Nf6 5. O-O Be7 6. Re1 b5 7. Bb3 Bb7 8. d4 d6 9. c3 O-O 10. Nbd2 h6 11. Nf1 Re8 12. Ng3 Bf8 13. d5 Ne7 14. a4 c6 15. axb5 axb5 16. Rxa8 Bxa8 17. dxc6 Bxc6 18. h3 Ng6 19. Qc2 Qa8 20. c4 bxc4 21. Bxc4 Rb8 22. Re3 Rc8 23. Rc3 Ne7 24. Ra3 Qb8 25. Be3 d5 26. Rb3 Qd6 27. exd5 Bxd5 28. Rc3 Bxf3 29. gxf3 Qd7 30. Kg2 Rb8 31. Ne4 Nfd5 32. Rd3 Qc6 33. Qc1 Qg6+ 34. Kh2 Nxe3 35. fxe3 Nf5 36. Rd7 Be7 37. b3 Rd8 38. Rxd8+ Bxd8 39. Bd3 Nh4 40. Qh1 f5 41. Nd2 Ba5 42. Nc4 e4 43. Ne5 Bc7 44. Bc4+ Kf8 45. f4 Bxe5 46. Qf1 Bc3 47. Qd1 0-1